<?xml version="1.0" encoding="UTF-8"?>
<collection xmlns="http://www.loc.gov/MARC21/slim">
 <record>
  <leader>02193nam a22002778a 4500</leader>
  <controlfield tag="001">00020214</controlfield>
  <controlfield tag="005">20171026081025.0</controlfield>
  <controlfield tag="008">110513s2007                  ||||||Viesd</controlfield>
  <datafield tag="041" ind1="0" ind2="#">
   <subfield code="a">Vie</subfield>
  </datafield>
  <datafield tag="082" ind1="1" ind2="4">
   <subfield code="a">510.71</subfield>
   <subfield code="b">GI108TR</subfield>
  </datafield>
  <datafield tag="100" ind1="0" ind2="#">
   <subfield code="a">Phạm Gia Đức</subfield>
   <subfield code="e">chủ biên</subfield>
  </datafield>
  <datafield tag="245" ind1="0" ind2="0">
   <subfield code="a">Giáo trình phương pháp dạy học các nội dung môn toán</subfield>
   <subfield code="b">Sách dùng cho CĐSP</subfield>
   <subfield code="c">Phạm Gia Đức, Bùi Huy Ngọc, Phạm Đức Quang</subfield>
  </datafield>
  <datafield tag="260" ind1="#" ind2="#">
   <subfield code="a">H.</subfield>
   <subfield code="b">ĐH Sư phạm</subfield>
   <subfield code="c">2007</subfield>
  </datafield>
  <datafield tag="300" ind1="#" ind2="#">
   <subfield code="a">190 tr.</subfield>
   <subfield code="c">24 cm.</subfield>
  </datafield>
  <datafield tag="500" ind1="#" ind2="#">
   <subfield code="a">Sách nhà nước đặt hàng</subfield>
  </datafield>
  <datafield tag="650" ind1="#" ind2="4">
   <subfield code="a">Giáo trình</subfield>
  </datafield>
  <datafield tag="650" ind1="#" ind2="4">
   <subfield code="a">Phương pháp giảng dạy</subfield>
  </datafield>
  <datafield tag="650" ind1="#" ind2="4">
   <subfield code="a">Toán</subfield>
  </datafield>
  <datafield tag="700" ind1="0" ind2="#">
   <subfield code="a">Bùi Huy Ngọc</subfield>
  </datafield>
  <datafield tag="700" ind1="0" ind2="#">
   <subfield code="a">Phạm Đức Quang</subfield>
  </datafield>
  <datafield tag="852" ind1="#" ind2="#">
   <subfield code="b">Kho giáo trình</subfield>
   <subfield code="j">KGT.0002955, KGT.0002956, KGT.0002957, KGT.0002958, KGT.0002959, KGT.0002960, KGT.0002961, KGT.0002962, KGT.0002963, KGT.0002964, KGT.0002965, KGT.0002966, KGT.0002967, KGT.0002968, KGT.0002969, KGT.0002970, KGT.0002971, KGT.0002972, KGT.0002973, KGT.0002974, KGT.0002975, KGT.0002976, KGT.0002977, KGT.0002978, KGT.0002979, KGT.0002980, KGT.0002981, KGT.0002982, KGT.0002983, KGT.0002984, KGT.0002985, KGT.0002986, KGT.0002987, KGT.0002988, KGT.0002989, KGT.0002990, KGT.0002991, KGT.0002992, KGT.0002993, KGT.0002994, KGT.0002995, KGT.0002996, KGT.0032477, KGT.0047474</subfield>
  </datafield>
  <datafield tag="852" ind1="#" ind2="#">
   <subfield code="b">Kho mượn</subfield>
   <subfield code="j">KGT.0002955, KGT.0052511</subfield>
  </datafield>
  <datafield tag="852" ind1="#" ind2="#">
   <subfield code="b">Kho đọc</subfield>
   <subfield code="j">KD.0005587</subfield>
  </datafield>
  <datafield tag="852" ind1="#" ind2="#">
   <subfield code="j">KGT.0002955</subfield>
   <subfield code="j">KGT.0002956</subfield>
   <subfield code="j">KGT.0002958</subfield>
   <subfield code="j">KGT.0002959</subfield>
   <subfield code="j">KGT.0002961</subfield>
   <subfield code="j">KGT.0002962</subfield>
   <subfield code="j">KGT.0002964</subfield>
   <subfield code="j">KGT.0002965</subfield>
   <subfield code="j">KGT.0002967</subfield>
   <subfield code="j">KGT.0002968</subfield>
   <subfield code="j">KGT.0002970</subfield>
   <subfield code="j">KGT.0002971</subfield>
   <subfield code="j">KGT.0002973</subfield>
   <subfield code="j">KGT.0002974</subfield>
   <subfield code="j">KGT.0002977</subfield>
   <subfield code="j">KGT.0002978</subfield>
   <subfield code="j">KGT.0002979</subfield>
   <subfield code="j">KGT.0002980</subfield>
   <subfield code="j">KGT.0002982</subfield>
   <subfield code="j">KGT.0002983</subfield>
   <subfield code="j">KGT.0002985</subfield>
   <subfield code="j">KGT.0002986</subfield>
   <subfield code="j">KGT.0002988</subfield>
   <subfield code="j">KGT.0002989</subfield>
   <subfield code="j">KGT.0002991</subfield>
   <subfield code="j">KGT.0002992</subfield>
   <subfield code="j">KGT.0002994</subfield>
   <subfield code="j">KGT.0002995</subfield>
   <subfield code="j">KD.0005587</subfield>
   <subfield code="j">KGT.0032477</subfield>
   <subfield code="j">KGT.0047474</subfield>
   <subfield code="j">KGT.0052511</subfield>
   <subfield code="j">KGT.0002957</subfield>
   <subfield code="j">KGT.0002960</subfield>
   <subfield code="j">KGT.0002963</subfield>
   <subfield code="j">KGT.0002966</subfield>
   <subfield code="j">KGT.0002969</subfield>
   <subfield code="j">KGT.0002972</subfield>
   <subfield code="j">KGT.0002975</subfield>
   <subfield code="j">KGT.0002976</subfield>
   <subfield code="j">KGT.0002981</subfield>
   <subfield code="j">KGT.0002984</subfield>
   <subfield code="j">KGT.0002987</subfield>
   <subfield code="j">KGT.0002990</subfield>
   <subfield code="j">KGT.0002993</subfield>
   <subfield code="j">KGT.0002996</subfield>
   <subfield code="j">KGT.0055099</subfield>
   <subfield code="j">KGT.0055254</subfield>
  </datafield>
  <datafield tag="910" ind1="0" ind2="#">
   <subfield code="a">nhnam</subfield>
   <subfield code="d">13/05/2011</subfield>
  </datafield>
  <datafield tag="980" ind1="#" ind2="#">
   <subfield code="a">Trung tâm Học liệu Lê Vũ Hùng, Trường Đại học Đồng Tháp</subfield>
  </datafield>
 </record>
</collection>
